| 000 | 00780nam a2200241 4500 | ||
|---|---|---|---|
| 003 | LK-CoMWRAF | ||
| 005 | 20231030132916.0 | ||
| 008 | 230818b2000 |||||||| |||| 00| 0 eng d | ||
| 020 | _a0072287241 | ||
| 040 |
_aLK-CoMWRAF _dLK-CoMWRAF _eLK-CoMWRAF |
||
| 082 |
_a370.117 _bCUS |
||
| 100 | _aCushner, Kenneth | ||
| 245 |
_aHuman diversity in education: _ban integrative approach |
||
| 250 | _a3rd ed. | ||
| 260 |
_a[New York]: _b McGraw-Hill, _c2000 |
||
| 300 |
_axviii, 366p. : ill. ; 24cm _bIndex included |
||
| 650 | _a Multicultural education -- United States | ||
| 650 | _aIndividual differences in children -- United States | ||
| 650 | _aSex differences in education -- United States | ||
| 700 | _aMcClelland, Averil | ||
| 700 | _aPhilip, Safford | ||
| 942 | _cBK | ||
| 999 |
_c3213 _d3213 |
||